| 000 | 01723nam a2200313Ia 4500 | ||
|---|---|---|---|
| 999 |
_c38641 _d38641 |
||
| 001 | 4863 | ||
| 003 | GE_BSU | ||
| 005 | 20190814114215.0 | ||
| 008 | 181216s2011||||ge |||||||||||||| ||geo|| | ||
| 020 | _a9789941918506 | ||
| 040 | _cGE_BSU | ||
| 041 | _ageo | ||
| 080 | _a392(=353.32)+910.4(479.22)+94(479.222.2(093უცხ.)+913(479.222) ლ-20 | ||
| 100 |
_aლამბერტი, არქანჯელო _93569 |
||
| 245 |
_aსამეგრელოს აღწერა / _cარქანჯელო ლამბერტი ; თარგმ. იტალიურ. ალექსანდრე ჭყონია ; წინასიტყ. ლევან ასათიანი. |
||
| 264 |
_aთბილისი : _bმთაწმინდა ; _c2011. |
||
| 300 |
_a270 გვ. : _bნახატები ; _c22 სმ. |
||
| 541 | _h15ლ. | ||
| 653 | _aიტალიელი მისიონერები საქართველოში | ||
| 653 | _aმეგრელების ეთნოგრაფია | ||
| 653 | _aმეგრელები | ||
| 653 | _aმეგრელების ეთნოგრაფია | ||
| 653 | _a მოგზაურობა სამეგრელოში | ||
| 653 | _a სამეგრელოს გეოგრაფია | ||
| 653 | _a სამეგრელოს ისტორიის უცხოური წყაროები | ||
| 700 |
_aჭყონია, ალექსანდრე _eთარგმანი იტალიურიდან _93570 |
||
| 700 |
_aასათიანი, ლევან _eწინასიტყვაობა _93571 |
||
| 942 |
_cBK _2udc |
||